[Event "National Open 2012"]
[Site "Las Vegas USA"]
[Date "2012.06.15"]
[Round "2"]
[White "Yanayt, Eugene"]
[Black "Molner, Mackenzie"]
[Result "1-0"]
[WhiteTitle "FM"]
[BlackTitle "IM"]
[WhiteElo "2242"]
[BlackElo "2489"]
[WhiteFideId "2020165"]
[BlackFideId "2021722"]
[EventDate "2012.06.15"]

1. d4 Nf6 2. c4 e6 3. g3 c5 4. d5 exd5 5. cxd5 d6 6. Nc3 g6 7. Bg2 Bg7 8. Nf3
O-O 9. O-O Re8 10. Nd2 a6 11. a4 Nbd7 12. h3 Rb8 13. Nc4 Nb6 14. Na3 Bd7 15. e4
Nxa4 16. Nxa4 b5 17. Nxc5 dxc5 18. Qc2 c4 19. f4 Bxh3 20. Bxh3 Nxe4 21. Kh2 Qxd5
22. Nb1 Qh5 23. Qg2 Rbd8 24. Rxa6 Rd3 25. Re1 f5 26. Ra3 Red8 27. Rxd3 Rxd3 28.
Re3 Qd1 29. Rxe4 fxe4 30. Qxe4 Rd8 31. Be3 Qe2+ 32. Bg2 Qxb2 33. Nd2 Qf6 34. Qb7
Qf5 35. Bh3 Qd3 36. Qe7 Qd6 37. Qb7 Rb8 38. Qe4 Bf6 39. Nf3 Qe7 40. Be6+ Kg7 41.
g4 Re8 42. Nd4 Kh8 43. f5 gxf5 44. gxf5 Qg7 45. Nf3 c3 46. Bf4 b4 47. Ne5 c2 48.
Qc6 Rf8 49. Nd7 Qg4 50. Qc4 Qh4+ 51. Kg2 Qg4+ 52. Kf2 Qh4+ 53. Ke2 Qg4+ 54. Kd3
Qd1+ 55. Ke4 Qh1+ 56. Kd3 Qd1+ 57. Ke4 Qh1+ 58. Kd3 b3 59. Nxf6 Qf1+ 60. Ke4
Qxc4+ 61. Bxc4 Rxf6 62. Bxb3 Kg7 63. Bxc2 Rc6 64. Bb3 Kf6 65. Bd5 Ra6 66. Be5+
Kg5 67. Bd4 h5 68. Ke5 h4 69. Be3+ Kh5 70. Bf3# 1-0

[Event "National Open 2012"]
[Site "Las Vegas USA"]
[Date "2012.06.15"]
[Round "2"]
[White "Lapid Shafriri, Gil"]
[Black "Kaufman, Raymond"]
[Result "0-1"]
[BlackTitle "IM"]
[WhiteElo "2183"]
[BlackElo "2336"]
[WhiteFideId "2039931"]
[BlackFideId "2015056"]
[EventDate "2012.06.15"]

1. d4 Nf6 2. c4 e6 3. Nc3 c5 4. d5 exd5 5. cxd5 d6 6. e4 g6 7. Nge2 Bg7 8. Ng3
Na6 9. Be2 Nc7 10. O-O O-O 11. Bg5 h6 12. Be3 a6 13. Qd2 h5 14. Bg5 b5 15. a3
Qe8 16. b4 c4 17. a4 Bd7 18. a5 Nh7 19. Bh6 Qe5 20. Bxg7 Qxg7 21. f4 h4 22. Nh1
Rae8 23. Nf2 f5 24. Rae1 Qh6 25. Bd1 Nf6 26. Bc2 Nh5 27. Ne2 Re7 28. e5 Rxe5 29.
Qd4 Rxd5 30. Qb6 Ne6 31. Qb7 Nexf4 32. Nxf4 Nxf4 33. Qxd7 Qg5 34. Ng4 fxg4 0-1

[Event "National Open 2012"]
[Site "Las Vegas USA"]
[Date "2012.06.15"]
[Round "2"]
[White "Wallach, Kenneth"]
[Black "Shankland, Samuel L"]
[Result "0-1"]
[BlackTitle "GM"]
[WhiteElo "2175"]
[BlackElo "2581"]
[WhiteFideId "2012391"]
[BlackFideId "2004887"]
[EventDate "2012.06.15"]

1. e4 c5 2. Nc3 Nc6 3. f4 g6 4. Nf3 Bg7 5. Bb5 Na5 6. d3 a6 7. Ba4 b5 8. Bb3 e6
9. Qe2 Ne7 10. Be3 d6 11. Nd1 O-O 12. c3 Nxb3 13. axb3 Bb7 14. Nf2 Nc6 15. O-O
Qe7 16. Rae1 a5 17. f5 b4 18. Qd2 Qd7 19. fxg6 fxg6 20. Ng4 bxc3 21. bxc3 e5 22.
h3 h5 23. Ngh2 Ba6 24. Ra1 Rab8 25. Qc2 Qe6 26. Nd2 Bb5 27. Nhf3 Qe7 28. Nb1 Rb7
29. Na3 Rfb8 30. Nxb5 Rxb5 31. Nd2 Qe6 32. Qb1 Kh7 33. Qe1 Qe7 34. Qg3 Bh6 35.
Bxh6 Kxh6 36. Qe3+ Kg7 37. Rf3 Rf8 38. Rxf8 Qxf8 39. Rf1 Qe7 40. Qf2 Nd8 41. Ra1
Ne6 42. c4 Rb8 43. Rxa5 Nd4 44. Nf3 Rf8 45. Qe3 Nxb3 46. Ra6 Nd4 47. Nxd4 cxd4
48. Qg3 h4 49. Qg4 Rf4 50. Qe2 Kh6 51. Ra1 Qf6 52. Rb1 Qg5 53. Rf1 Qg3 54. Rxf4
Qxf4 55. Qd1 Kg5 56. Kh1 Kf6 57. Qb1 Ke6 58. Qd1 g5 59. Kg1 Qg3 60. Kf1 Qe3 61.
Qg4+ Ke7 62. Qd1 Kd8 63. Qb1 Kc8 64. Qc2 Kd8 65. Qb1 Kc7 66. Qc2 g4 67. hxg4 h3
68. gxh3 Qxh3+ 69. Ke1 Qxg4 70. Qb3 Qf3 71. Qa3 Kd7 72. Qb3 Ke7 73. Qa3 Kf7 74.
Kd2 Qf2+ 75. Kc1 Qf6 76. Kc2 Kg6 77. Kb3 Qd8 78. Qb4 Kh5 79. Qd2 Qg5 80. Qh2+
Kg6 81. Qh3 Qe3 82. Qf5+ Kh6 83. Qf1 Qf4 84. Qg2 Qc1 85. Qh3+ Kg5 86. Kb4 Qb2+
87. Ka5 Qa3+ 88. Kb6 Qc5+ 89. Kb7 Kf4 90. Kb8 Qc6 91. Ka7 Qc7+ 92. Ka6 Qb8 93.
Ka5 Qa7+ 94. Kb5 Qb7+ 95. Ka5 Qc6 96. Kb4 Qb6+ 97. Ka4 Qc5 98. Kb3 Qa5 99. Kc2
Qa2+ 100. Kd1 Qf2 101. Qh6+ Kf3 102. Qxd6 Ke3 103. Kc1 Qd2+ 104. Kb1 Qxd3+ 105.
Ka1 Qc3+ 106. Kb1 d3 107. Qh6+ Kxe4 108. Qc6+ Kd4 109. Qb6+ Kxc4 110. Qe6+ Kd4
111. Qg4+ e4 112. Qg7+ Kc4 113. Qf7+ Kb4 114. Qb7+ Ka3 115. Qa8+ Kb3 116. Qa3+
Kc4 117. Qa6+ Kd5 118. Qa8+ 0-1

[Event "National Open 2012"]
[Site "Las Vegas USA"]
[Date "2012.06.15"]
[Round "2"]
[White "Gareev, Timur"]
[Black "Taylor, Timothy"]
[Result "1-0"]
[WhiteTitle "GM"]
[BlackTitle "IM"]
[WhiteElo "2654"]
[BlackElo "2294"]
[WhiteFideId "14200937"]
[BlackFideId "2000393"]
[EventDate "2012.06.15"]

1. d4 Nf6 2. c4 e5 3. dxe5 Ng4 4. e3 Nxe5 5. Nh3 d6 6. Nf4 g6 7. Nc3 Bg7 8. Be2
Nbd7 9. O-O O-O 10. Qc2 a5 11. Rd1 Nc5 12. b3 Bg4 13. Ba3 Bxe2 14. Qxe2 Qh4 15.
Bxc5 dxc5 16. g3 Qg4 17. Qxg4 Nxg4 18. Rac1 Rfd8 19. Ne4 b6 20. Nd5 f5 21. Ng5
Rd7 22. h3 Ne5 23. Ne6 Kf7 24. Ng5+ Kg8 25. f4 Nf7 26. Ne6 Rd6 27. Ne7+ Kh8 28.
Nxc7 Rb8 29. Kf2 Bf6 30. Ned5 Kg7 31. g4 fxg4 32. hxg4 g5 33. f5 Be5 34. Ne6+
Kh8 35. Rh1 b5 36. Rc2 a4 37. Kf3 bxc4 38. bxc4 a3 39. Ke4 Rb2 40. Rhc1 h6 41.
Nxc5 Rc6 42. Nd3 Rb8 43. Ne7 Rc7 44. Ng6+ Kg7 45. Ndxe5 Nxe5 46. Nxe5 Re7 47.
Rd2 Rbe8 48. Rd5 Kf6 49. Rd6+ Kg7 50. f6+ 1-0

[Event "National Open 2012"]
[Site "Las Vegas USA"]
[Date "2012.06.15"]
[Round "2"]
[White "Liou, Yian"]
[Black "Gelashvili, Tamaz"]
[Result "0-1"]
[BlackTitle "GM"]
[WhiteElo "2312"]
[BlackElo "2600"]
[WhiteFideId "2039583"]
[BlackFideId "13600702"]
[EventDate "2012.06.15"]

1. e4 d6 2. d4 g6 3. Nc3 Bg7 4. Be3 a6 5. Nf3 Nd7 6. Bc4 e6 7. a4 b6 8. O-O Ne7
9. Qd2 h6 10. Rad1 Bb7 11. h3 Nf6 12. Bd3 d5 13. e5 Ne4 14. Qe1 Nf5 15. Bc1 Ng5
16. Nxg5 hxg5 17. Ne2 Rh4 18. c3 Qe7 19. f3 O-O-O 20. Qf2 f6 21. exf6 Bxf6 22.
Rfe1 Qd6 23. Be3 Kb8 24. Nc1 Rdh8 25. Qd2 R4h5 26. Bf2 Bc8 27. Bf1 e5 28. dxe5
Bxe5 29. Qxd5 Bh2+ 30. Kh1 Ng3+ 31. Bxg3 Qxg3 32. Ne2 Qf2 33. Qd4 Bg3 34. Nxg3
Qxg3 35. Qe5 Qf2 36. Qe2 Bxh3 37. Qxf2 Bc8+ 38. Qh4 Rxh4+ 39. Kg1 Rxa4 40. Rd5
g4 41. fxg4 Rxg4 42. Rde5 Rf4 43. Bd3 Bb7 44. Rg5 Rd8 45. Bxg6 Rd2 46. Re8+ Ka7
47. Re7 Rff2 48. Be4 Bxe4 49. Rxe4 Rxb2 50. Re7 b5 51. Rxc7+ Kb6 52. Rc8 Rf6 53.
Rb8+ Ka7 54. Rgg8 Rb1+ 55. Kh2 Rh6+ 56. Kg3 Rc6 57. Rbc8 Rxc8 58. Rxc8 a5 59.
Rc7+ Kb6 60. Rc8 a4 61. Kf4 Kb7 62. Rd8 Rb3 63. g4 Rxc3 64. g5 a3 65. g6 a2 66.
Rd7+ Kb6 67. Rd6+ Ka5 68. Rd8 Kb4 69. Ra8 Rc2 70. Kf3 Rc6 71. g7 Rg6 72. Rxa2
Rxg7 73. Rb2+ Kc4 74. Ke3 Rd7 75. Rc2+ Kb3 76. Rc8 b4 77. Ke2 Kb2 78. Rc6 b3 79.
Ra6 Kc2 80. Rc6+ Kb1 81. Ra6 b2 82. Ra8 Rd5 0-1

[Event "National Open 2012"]
[Site "Las Vegas USA"]
[Date "2012.06.15"]
[Round "2"]
[White "Raptis, Nick"]
[Black "Bykhovsky, Anatoly"]
[Result "0-1"]
[WhiteTitle "FM"]
[BlackTitle "GM"]
[WhiteElo "2268"]
[BlackElo "2516"]
[WhiteFideId "2016850"]
[BlackFideId "2806991"]
[EventDate "2012.06.15"]

1. d4 Nf6 2. Nf3 g6 3. c4 Bg7 4. Nc3 d5 5. Bf4 O-O 6. e3 c5 7. dxc5 Ne4 8. Be5
Bxe5 9. Nxe5 Nxc3 10. bxc3 Qc7 11. Qd4 f6 12. Nf3 dxc4 13. Qxc4+ Kg7 14. Be2 Nd7
15. Nd4 Nxc5 16. Nb3 b6 17. Nxc5 Qxc5 18. Qxc5 bxc5 19. Bc4 Rb8 20. O-O Bf5 21.
e4 Bd7 22. Rab1 f5 23. Rfd1 Bc6 24. exf5 gxf5 25. Rxb8 Rxb8 26. Re1 e5 27. f4
exf4 28. Re7+ Kh8 29. Bb3 Rd8 30. Rc7 Be4 31. Rxc5 Rd2 32. Rc8+ Kg7 33. Rg8+ Kf6
34. c4 Rb2 35. h4 Kf7 36. Rc8 Rxg2+ 37. Kf1 f3 38. c5+ Kf6 39. c6 Bd3+ 0-1

[Event "National Open 2012"]
[Site "Las Vegas USA"]
[Date "2012.06.15"]
[Round "2"]
[White "Zierk, Steven C"]
[Black "Kelley, Dereque D"]
[Result "1-0"]
[WhiteTitle "IM"]
[WhiteElo "2483"]
[BlackElo "2242"]
[WhiteFideId "2034255"]
[BlackFideId "2038439"]
[EventDate "2012.06.15"]

1. e4 e5 2. Nf3 Nc6 3. d4 exd4 4. Nxd4 Bc5 5. Be3 Qf6 6. c3 Nge7 7. Bc4 Ne5 8.
Be2 Qg6 9. O-O d6 10. Kh1 Qxe4 11. Nd2 Qg6 12. Nb5 O-O 13. Nxc7 Rb8 14. Bf4 Bf5
15. Nb3 Nd3 16. Bxd3 Bxd3 17. Re1 Nc6 18. Qf3 Bf5 19. Nb5 Rbd8 20. Nxc5 dxc5 21.
Bd6 Rfe8 22. Bxc5 b6 23. Rxe8+ Rxe8 24. Nd6 Be4 25. Nxe4 Qxe4 26. Qxe4 Rxe4 27.
Be3 f5 28. g3 Ne5 29. b3 1-0

[Event "National Open 2012"]
[Site "Las Vegas USA"]
[Date "2012.06.15"]
[Round "2"]
[White "Foisor, Mihaela-Veronica"]
[Black "Hansen, Eric"]
[Result "0-1"]
[WhiteTitle "WFM"]
[BlackTitle "IM"]
[WhiteElo "2244"]
[BlackElo "2454"]
[WhiteFideId "2270757"]
[BlackFideId "2606771"]
[EventDate "2012.06.15"]

1. d4 Nf6 2. c4 g6 3. Nc3 d5 4. cxd5 Nxd5 5. Bd2 Bg7 6. e4 Nb6 7. Be3 O-O 8. Nf3
Bg4 9. Be2 Nc6 10. d5 Bxf3 11. gxf3 Ne5 12. Bd4 c5 13. Bxc5 Nec4 14. Rc1 Rc8 15.
b4 Bh6 16. Rc2 Na3 17. Rb2 Nbc4 18. Rb3 b6 19. Bd4 e5 20. Bxe5 Nxe5 21. Rxa3 Qh4
22. Ba6 Qh3 23. Bxc8 Rxc8 24. Nb5 Rc1 25. Ke2 Rxd1 26. Rxd1 Qc8 27. Rc3 Qa6 28.
a4 Qxa4 29. Nd6 Bf8 30. Nc8 Bxb4 0-1

[Event "National Open 2012"]
[Site "Las Vegas USA"]
[Date "2012.06.15"]
[Round "2"]
[White "Ivanisevic, Ivan"]
[Black "Von Krogh, Christopher"]
[Result "1-0"]
[WhiteTitle "GM"]
[WhiteElo "2655"]
[BlackElo "2231"]
[WhiteFideId "912417"]
[BlackFideId "2009927"]
[EventDate "2012.06.15"]

1. d4 Nf6 2. c4 e6 3. Nc3 Bb4 4. Qc2 O-O 5. Nf3 b6 6. e4 d5 7. e5 Ne4 8. Bd3 Bb7
9. O-O Bxc3 10. bxc3 Nd7 11. cxd5 exd5 12. Ne1 c5 13. f3 c4 14. Bxe4 dxe4 15.
fxe4 Qh4 16. Bf4 g5 17. Be3 Bxe4 18. Bxg5 Qg4 19. Qd2 Bg6 20. Nf3 Bd3 21. Rf2
Rfe8 22. Re1 b5 23. h3 Qh5 24. Qf4 Re6 25. g4 Qg6 26. Nh4 Qg7 27. Nf5 1-0

[Event "National Open 2012"]
[Site "Las Vegas USA"]
[Date "2012.06.15"]
[Round "2"]
[White "Robson, Ray"]
[Black "Bradford, Joseph M"]
[Result "1-0"]
[WhiteTitle "GM"]
[BlackTitle "IM"]
[WhiteElo "2614"]
[BlackElo "2380"]
[WhiteFideId "2023970"]
[BlackFideId "2000539"]
[EventDate "2012.06.15"]

1. e4 e6 2. d4 d5 3. Nc3 Bb4 4. e5 c5 5. a3 Bxc3+ 6. bxc3 Qc7 7. Qg4 f5 8. Qh5+
Kf8 9. Qd1 Ne7 10. Ne2 Kf7 11. h4 Nbc6 12. Rh3 Bd7 13. Nf4 Rag8 14. Be2 g6 15.
a4 Na5 16. Ba3 cxd4 17. Bd6 Qd8 18. cxd4 Bc6 19. g4 Nc4 20. Bb4 a5 21. Bxc4 dxc4
22. Bxe7 Kxe7 23. g5 Kf7 24. Qd2 Re8 25. O-O-O Qb6 26. d5 Bxd5 27. Nxd5 exd5 28.
Qxd5+ Qe6 29. Qxb7+ Re7 30. Qd5 Rb8 31. f4 Rb4 32. Qxe6+ Kxe6 33. h5 Rd7 34.
Rxd7 Kxd7 35. hxg6 hxg6 36. c3 Rxa4 37. Kb2 1-0

[Event "National Open 2012"]
[Site "Las Vegas USA"]
[Date "2012.06.15"]
[Round "2"]
[White "Ramirez, Alejandro"]
[Black "Collyer, Curt D"]
[Result "1/2-1/2"]
[WhiteTitle "GM"]
[BlackTitle "FM"]
[WhiteElo "2593"]
[BlackElo "2298"]
[WhiteFideId "6500617"]
[BlackFideId "2020440"]
[EventDate "2012.06.15"]

1. d4 e6 2. c4 f5 3. g3 Nf6 4. Bg2 Be7 5. Nf3 O-O 6. d5 Bb4+ 7. Bd2 Qe7 8. O-O
Bxd2 9. Qxd2 Ne4 10. Qf4 d6 11. dxe6 Nc6 12. Nc3 Nxc3 13. bxc3 Nd8 14. Nd4 Bxe6
15. Qe3 c6 16. Rfd1 f4 17. gxf4 Qf7 18. Qg3 Bxc4 19. e3 Qf6 20. f5 d5 21. a4 a6
22. a5 c5 23. Ne6 Nxe6 24. fxe6 1/2-1/2

[Event "National Open 2012"]
[Site "Las Vegas USA"]
[Date "2012.06.15"]
[Round "2"]
[White "Foisor, Sabina-Francesca"]
[Black "Formanek, Edward W"]
[Result "1-0"]
[WhiteTitle "WGM"]
[BlackTitle "IM"]
[WhiteElo "2364"]
[BlackElo "2157"]
[WhiteFideId "1212915"]
[BlackFideId "2001640"]
[EventDate "2012.06.15"]

1. d4 d5 2. c4 c6 3. e3 Nf6 4. Nc3 a6 5. Nf3 b5 6. c5 Bg4 7. Qb3 Bxf3 8. gxf3 e5
9. a4 exd4 10. exd4 b4 11. Qxb4 Qc8 12. a5 Nbd7 13. Na4 Ra7 14. Nb6 Qc7 15. Be3
Be7 16. Bd3 O-O 17. Qd2 Nh5 18. O-O-O Re8 19. Rde1 Nf8 20. f4 Nd7 21. f5 Ndf6
22. f3 Bf8 23. Rhg1 Kh8 24. Kb1 h6 25. Ka2 Qb8 26. Re2 Qc7 27. Rge1 Qb8 28. Bg1
Rxe2 29. Rxe2 Nf4 30. Re1 Nxd3 31. Qxd3 Qf4 32. Re2 Kg8 33. h3 Qg3 34. Bh2 Qxh3
35. Bb8 Rb7 36. Rh2 1-0

[Event "National Open 2012"]
[Site "Las Vegas USA"]
[Date "2012.06.15"]
[Round "2"]
[White "Anzis, Matt"]
[Black "Karagianis, Pete"]
[Result "0-1"]
[WhiteElo "2077"]
[BlackElo "2183"]
[WhiteFideId "2036487"]
[BlackFideId "2022753"]
[EventDate "2012.06.15"]

1. d4 Nf6 2. c4 c5 3. d5 b5 4. cxb5 a6 5. b6 g6 6. Nc3 d6 7. e4 Bg7 8. Nf3 O-O
9. Be2 Qxb6 10. O-O a5 11. Rb1 Ba6 12. h3 Nbd7 13. Be3 Rfb8 14. Nd2 Qc7 15. Bxa6
Rxa6 16. Qe2 Rab6 17. Nc4 Rb4 18. b3 Nh5 19. Na4 Ne5 20. Rbc1 Nxc4 21. Rxc4 Rxc4
22. Qxc4 Rb4 23. Qe2 Nf6 24. f3 Nh5 25. Rc1 Bd4 26. Qf2 Qa7 27. Bxd4 Rxd4 28.
Kh2 Qa6 29. Nb2 Qb5 30. Rc2 Qb4 31. Rc4 Rxc4 32. Nxc4 a4 33. Qd2 Qxd2 34. Nxd2
axb3 35. Nxb3 Kf8 36. Kg1 Ke8 37. Kf2 Nf4 38. Nd2 e6 39. Nc4 Kd7 40. e5 exd5 41.
Nxd6 Nd3+ 42. Ke2 Nxe5 43. Nb5 Kc6 44. Nc3 f5 45. f4 Nc4 46. Kd3 Nd6 47. Ne2 Ne4
48. g4 fxg4 49. hxg4 Nf2+ 50. Kd2 Nxg4 51. Ng3 Nh6 0-1

[Event "National Open 2012"]
[Site "Las Vegas USA"]
[Date "2012.06.15"]
[Round "2"]
[White "Vibbert, Sean"]
[Black "Mikhalevski, Victor"]
[Result "1/2-1/2"]
[BlackTitle "GM"]
[WhiteElo "2214"]
[BlackElo "2519"]
[WhiteFideId "2030292"]
[BlackFideId "2801914"]
[EventDate "2012.06.15"]

1. e4 e5 2. Nf3 Nc6 3. Bb5 Nf6 4. O-O Nxe4 5. Re1 Nd6 6. Nxe5 Be7 7. Bf1 Nf5 8.
b3 O-O 9. Bb2 Nxe5 10. Bxe5 d6 11. Bb2 d5 12. d4 Bf6 13. c3 Nd6 14. Na3 a5 15.
Nb5 c6 16. Nxd6 Qxd6 17. a4 b6 18. Ba3 c5 19. Qf3 Be6 20. Bb5 Rfc8 21. Rad1 Qd8
22. dxc5 bxc5 23. Bc4 dxc4 24. Rxd8+ Rxd8 25. bxc4 Rac8 26. Qe3 Re8 27. h3 h5
28. Qf3 h4 29. Re4 Red8 30. Kh2 Bd7 31. Qh5 Bxa4 32. Bxc5 Bd1 33. f3 g6 34. Rg4
Bc2 35. Bd4 Rxd4 36. cxd4 Bxd4 37. Qxa5 Bf2 38. Qd2 Bg3+ 39. Rxg3 hxg3+ 40. Kxg3
Rxc4 41. h4 Rc5 42. Kh3 Bf5+ 43. g4 Be6 44. Kg3 Rd5 45. Qh6 Rb5 46. h5 gxh5 47.
gxh5 Rf5 48. f4 Rd5 49. Kh4 Rf5 50. Kg3 Rd5 51. Kf3 Rb5 52. Kg3 1/2-1/2

[Event "National Open 2012"]
[Site "Las Vegas USA"]
[Date "2012.06.16"]
[Round "3"]
[White "Kaufman, Raymond"]
[Black "Perunovic, Milos"]
[Result "0-1"]
[WhiteTitle "IM"]
[BlackTitle "GM"]
[WhiteElo "2336"]
[BlackElo "2577"]
[WhiteFideId "2015056"]
[BlackFideId "921629"]
[EventDate "2012.06.15"]

1. d4 d5 2. c4 c6 3. Nf3 Nf6 4. e3 Bg4 5. h3 Bh5 6. Nc3 e6 7. g4 Bg6 8. Ne5 Nbd7
9. Nxg6 hxg6 10. Bd3 Bb4 11. Bd2 Qe7 12. g5 Nh7 13. f4 O-O-O 14. Qc2 e5 15. dxe5
Nxg5 16. O-O-O dxc4 17. Be2 Nxh3 18. Ne4 Bxd2+ 19. Rxd2 Nxf4 0-1

[Event "National Open 2012"]
[Site "Las Vegas USA"]
[Date "2012.06.16"]
[Round "3"]
[White "Kelley, Dereque D"]
[Black "Ramirez, Alejandro"]
[Result "0-1"]
[BlackTitle "GM"]
[WhiteElo "2242"]
[BlackElo "2593"]
[WhiteFideId "2038439"]
[BlackFideId "6500617"]
[EventDate "2012.06.15"]

1. d4 Nf6 2. c4 c5 3. d5 b5 4. cxb5 a6 5. bxa6 g6 6. Nc3 Bxa6 7. g3 d6 8. Nf3
Bg7 9. Bg2 Nbd7 10. Rb1 O-O 11. O-O Qa5 12. Bd2 Bb7 13. Qc2 Qa6 14. e4 e6 15.
dxe6 fxe6 16. b4 Qc4 17. bxc5 Bxe4 18. Qb3 Qxb3 19. Rxb3 Nxc5 20. Rb6 Nfd7 0-1

[Event "National Open 2012"]
[Site "Las Vegas USA"]
[Date "2012.06.16"]
[Round "3"]
[White "Collyer, Curt D"]
[Black "Ivanisevic, Ivan"]
[Result "1/2-1/2"]
[WhiteTitle "FM"]
[BlackTitle "GM"]
[WhiteElo "2298"]
[BlackElo "2655"]
[WhiteFideId "2020440"]
[BlackFideId "912417"]
[EventDate "2012.06.15"]

1. d4 d5 2. c4 c6 3. cxd5 cxd5 4. Nf3 Nc6 5. Nc3 Nf6 6. Bf4 Qb6 7. Na4 Qa5+ 8.
Bd2 Qd8 9. e3 e6 10. Rc1 Bd6 11. a3 O-O 12. Be2 Ne4 13. b4 a5 14. b5 Ne7 15. Qb3
b6 16. Bc3 Bb7 17. O-O Nf5 18. Rfd1 Rc8 19. Be1 Bc7 20. Ne5 Bxe5 21. dxe5 Rxc1
22. Rxc1 d4 23. f3 Nxe3 24. h4 Nc5 25. Nxc5 bxc5 26. Bf2 Nf5 27. Qc2 Nxh4 28.
Qxc5 Qg5 29. Bxh4 Qxh4 30. Rd1 Bd5 31. Qxd4 Qg3 32. b6 h5 33. Rb1 h4 34. Bf1 h3
35. b7 Rb8 36. Qc3 h2+ 37. Kh1 Qf2 38. Kxh2 Qa7 39. Qc8+ Kh7 40. Bd3+ g6 41. Be4
Bxe4 42. fxe4 Kg7 43. Rb2 a4 44. Kh1 Qe3 45. Qxb8 Qe1+ 46. Kh2 Qh4+ 47. Kg1 Qe1+ 1/2-1/2

[Event "National Open 2012"]
[Site "Las Vegas USA"]
[Date "2012.06.16"]
[Round "3"]
[White "Gutman, Joshua"]
[Black "Foisor, Mihaela-Veronica"]
[Result "0-1"]
[BlackTitle "WFM"]
[WhiteElo "2110"]
[BlackElo "2244"]
[WhiteFideId "2025680"]
[BlackFideId "2270757"]
[EventDate "2012.06.15"]

1. d4 Nf6 2. c4 e6 3. Nc3 d5 4. cxd5 Nxd5 5. e4 Nxc3 6. bxc3 c5 7. Nf3 cxd4 8.
cxd4 Bb4+ 9. Bd2 Bxd2+ 10. Qxd2 O-O 11. Be2 b6 12. O-O Bb7 13. Qf4 Nd7 14. Rfd1
Rc8 15. Bd3 Qf6 16. Qe3 Rfd8 17. e5 Qe7 18. Ng5 Nf8 19. Be4 Ng6 20. Rac1 Rxc1
21. Rxc1 h6 22. Bxg6 hxg5 23. Bb1 g6 24. h3 Kg7 25. Be4 Bxe4 26. Qxe4 Qd7 27.
Qe3 Qe7 28. Rc3 Rd7 29. Rc8 Rd8 30. Rc6 b5 31. Qc3 Qd7 32. Rd6 Rc8 33. Qb2 Qc7
34. Qxb5 Qc1+ 35. Qf1 Qd2 0-1

[Event "National Open 2012"]
[Site "Las Vegas USA"]
[Date "2012.06.16"]
[Round "3"]
[White "Robson, Ray"]
[Black "Yanayt, Eugene"]
[Result "1/2-1/2"]
[WhiteTitle "GM"]
[BlackTitle "FM"]
[WhiteElo "2614"]
[BlackElo "2242"]
[WhiteFideId "2023970"]
[BlackFideId "2020165"]
[EventDate "2012.06.15"]

1. e4 c5 2. Nf3 d6 3. d4 cxd4 4. Nxd4 Nf6 5. Nc3 a6 6. Bg5 Nbd7 7. Bc4 Qa5 8.
Qd2 e6 9. O-O b5 10. Bd5 exd5 11. Nc6 Qb6 12. exd5 Ne5 13. Rae1 Bd7 14. Nxe5
dxe5 15. Rxe5+ Kd8 16. Ne4 h6 17. Be3 Qb8 18. Bf4 Nxe4 19. Qa5+ Kc8 20. Rxe4 Bd6
21. Qc3+ Kb7 22. Re7 Qc7 23. Bxd6 Qxd6 24. Rxf7 Qxd5 25. Qxg7 Rad8 26. Qf6 Rhg8
27. g3 Rc8 28. c3 Rc7 29. Qf3 Qxf3 30. Rxf3 Re8 31. Re3 Rf8 32. Rd1 Bg4 33. Rdd3
Rf6 34. f3 Bf5 35. Rd4 Rcf7 36. Kg2 Be6 37. b3 Kc6 38. g4 Bd5 39. Rdd3 h5 40.
Kg3 Rf4 41. h3 Rf8 42. Kh4 Rxf3 43. Rxf3 Bxf3 44. gxh5 Rf5 45. Rxf3 Rxf3 46. h6
Rf7 47. Kg5 Kd6 48. Kg6 Rf3 49. h4 Rxc3 50. h7 Rc8 51. Kg7 Rc7+ 52. Kg6 Rc8 1/2-1/2

[Event "National Open 2012"]
[Site "Las Vegas USA"]
[Date "2012.06.16"]
[Round "3"]
[White "Kerman, David J"]
[Black "Raptis, Nick"]
[Result "1/2-1/2"]
[BlackTitle "FM"]
[WhiteElo "2121"]
[BlackElo "2268"]
[WhiteFideId "2003830"]
[BlackFideId "2016850"]
[EventDate "2012.06.15"]

1. f4 Nf6 2. Nf3 g6 3. g3 Bg7 4. d3 d5 5. c3 c5 6. Qc2 Bf5 7. Bg2 Nc6 8. O-O O-O
9. Nh4 Qb6 10. Nxf5 gxf5 11. Qb3 Qc7 12. Nd2 e6 13. Qa3 Qb6 14. Qb3 Qa6 15. a4
Ng4 16. Qb5 Ne3 17. Qxa6 bxa6 18. Rf3 Nxg2 19. Kxg2 d4 20. Ra3 Na5 21. e4 dxe3
22. Rxe3 Rab8 23. Kf2 Rfd8 24. Ke2 Rd7 25. Kd1 Rdb7 26. Kc2 Bf8 27. b3 Bd6 28.
Nc4 Bc7 29. Nxa5 Bxa5 30. Re5 Bc7 31. Re1 Bd6 32. c4 Kf8 33. Bb2 Ke7 34. Be5
Bxe5 35. Rxe5 Kd6 36. Re1 f6 37. Kc3 e5 38. a5 Ke6 39. Rf1 h5 40. Rb1 Rg8 41.
Ra2 h4 42. gxh4 Rg4 43. fxe5 fxe5 44. Re2 Rxh4 45. Rbe1 e4 46. dxe4 f4 47. Rd1
Rh3+ 48. Kd2 Rbxb3 49. Kc2 Rbe3 50. Rd5 Ra3 51. Rg2 Rxa5 1/2-1/2

[Event "National Open 2012"]
[Site "Las Vegas USA"]
[Date "2012.06.16"]
[Round "3"]
[White "Bykhovsky, Anatoly"]
[Black "Adamson, Robby"]
[Result "1-0"]
[WhiteTitle "GM"]
[BlackTitle "FM"]
[WhiteElo "2516"]
[BlackElo "2322"]
[WhiteFideId "2806991"]
[BlackFideId "2009730"]
[EventDate "2012.06.15"]

1. Nf3 c5 2. c4 g6 3. d4 Bg7 4. d5 b5 5. cxb5 a6 6. b6 Qxb6 7. Nc3 d6 8. h3 Nf6
9. e4 O-O 10. Be2 Nbd7 11. O-O Ne8 12. Qc2 Rb8 13. Rb1 Nc7 14. a4 Qb3 15. Qxb3
Rxb3 16. Bg5 Re8 17. Rfc1 h6 18. Bh4 Rb4 19. Nd2 g5 20. Bg3 Ne5 21. b3 f5 22. f3
Rd4 23. Nc4 Nd3 24. Bxd3 Rxd3 25. Ne2 g4 26. b4 gxf3 27. gxf3 fxe4 28. fxe4 Na8
29. bxc5 dxc5 30. Kh2 Bd7 31. Rg1 Kh7 32. Rb7 Bxa4 33. Nd6 Rg8 34. Rxe7 Rd2 35.
Be5 Rxe2+ 36. Kh1 Bb5 37. Rgxg7+ 1-0

[Event "National Open 2012"]
[Site "Las Vegas USA"]
[Date "2012.06.16"]
[Round "3"]
[White "Molner, Mackenzie"]
[Black "Toolin, Christopher"]
[Result "1-0"]
[WhiteTitle "IM"]
[WhiteElo "2489"]
[BlackElo "2165"]
[WhiteFideId "2021722"]
[BlackFideId "2024543"]
[EventDate "2012.06.15"]

1. e4 e6 2. d4 d5 3. Nc3 Nf6 4. e5 Nfd7 5. f4 c5 6. Nf3 Nc6 7. Be3 cxd4 8. Nxd4
Bc5 9. Qd2 O-O 10. Be2 Qe7 11. O-O a6 12. Nd1 f6 13. exf6 Nxf6 14. Nf2 Bd7 15.
Rad1 Rae8 16. Nxc6 Bxc6 17. Nd3 b6 18. Ne5 Bb7 19. Bf3 Rd8 20. Bd4 Ne4 21. Qe3
Bxd4 22. Rxd4 Qc5 23. c3 Nd6 24. Bg4 Rfe8 25. Nd3 Qc8 26. Re1 Ne4 27. Ne5 b5 28.
Qh3 Nf6 29. Nf3 Ne4 30. Rexe4 dxe4 31. Bxe6+ Rxe6 32. Qxe6+ Kh8 33. Ne5 Rxd4 34.
Qxc8+ Bxc8 35. cxd4 Be6 36. a3 g6 37. Kf2 Kg7 38. Ke3 Bd5 39. b4 1-0